Communes Limitrophes de Grenoble - Statistiques

Statistiques générales
  • Ce quiz a été pris 388 fois
  • Le résultat moyen est 7 sur 10
Statistiques - réponses
Communes % Correct
Sud Echirolles
94%
Est Saint-Martin-d'Hères
90%
Ouest Fontaine
83%
Nord-Est La Tronche
79%
Nord Saint-Égrève
72%
Sud-Ouest Seyssins
72%
Ouest Seyssinet-Pariset
71%
Sud-Est Eyben
68%
Nord-Ouest Sassenage
61%
Nord Saint-Martin-le-Vinoux
56%
Aucun quiz correspondant
Distribution des résultats
% des personnes avec chaque résultat
Percentile par nombre de réponses
Votre historique - résultats
Vous n’avez pas pris ce quiz